000 00384cam a22001217a 4500
008 180718b1966 xxu||||| |||| 00| 0 eng d
082 _aA7:1x73 Am35
100 _aKagan, Hilde Heun
245 _aThe American heritage pictorial atlas of United States history
_cedited by Hilde Heun Kagan
260 _aNew York
_bAmerican Heritage
_c1966
300 _a424p.
650 _aAtlases - U.S.A.
999 _c476087
_d476087